| 000 | 01112cam a2200325Ma 4500 | ||
|---|---|---|---|
| 005 | 20180312122243.0 | ||
| 008 | 140805s2014 xxuado fr 001 0 eng d | ||
| 020 | _a0071818111 | ||
| 020 | _a9780071818117 | ||
| 040 |
_aCO-BoUCM _bspa _cJose A. Gerena _dJose A. Gerena |
||
| 041 | 0 | _aeng | |
| 060 | _aQW 4 | ||
| 100 | 1 |
_aLevinson, Warren _963573 |
|
| 245 | 1 | 0 |
_aReview of medical microbiology and immunology _cWarren Levinson |
| 246 | 2 | _aMedical microbiology and immunology | |
| 250 | _a13th ed | ||
| 260 |
_aNueva York (Estados Unidos) _bMcGraw-Hill _bLange _c2014 |
||
| 300 |
_aix, 789 páginas _bilustraciones, cuadros, gráficas, fotografías a color |
||
| 504 | _aIncluye referencias bibliográficas e índices | ||
| 650 | 7 |
_aBacteriología _99890 |
|
| 650 | 7 |
_aEnfermedades infecciosas _914411 |
|
| 650 | 7 |
_aInmunología _917698 |
|
| 650 | 7 |
_aMicrobiología _919480 |
|
| 650 | 7 |
_aParasitología _921082 |
|
| 650 | 7 |
_aVirología _926304 |
|
| 690 |
_942855 _aInmunología |
||
| 690 |
_942880 _aMicrobiología |
||
| 942 |
_a26 _cLIBRO _e13 _mL665 _2NLM _hQW 4 _n0 |
||
| 999 |
_c273875 _d273875 |
||